Man Words Quiz Stats

Quiz Updated May 31, 2015

Also try: More Man Words
Challenge
Share
Tweet
Embed
Score 0/26 Timer 06:00
0 Plays Today
Hint Word % Correct
Typical home for a millionairemansion
92%
Insect known for 'praying'mantis
91.2%
Instruction bookmanual
90.8%
One way to access a sewermanhole
90.6%
Type of orangemandarin
85.9%
Jawbonemandible
81.6%
Organic fertilizermanure
81.3%
Part of the Nativity Scenemanger
77.7%
National fruit of Indiamango
75.7%
'Man of La ____'Mancha
73.2%
'Hand' in Spanishmano
72.9%
Heimlich _____maneuver
69.9%
Food from heavenmanna
68.1%
Hint Word % Correct
Instrument used in R.E.M.'s 'Losing My Religion'mandolin
67.5%
Spa offeringmanicure
65.5%
Marx and Engels published one in 1848manifesto
64.4%
Another term for handcuffsmanacles
63.1%
It borders North Dakota and Hudson BayManitoba
60.9%
An IBA official cocktail Manhattan
54.7%
It's between chromium and iron on the periodic tablemanganese
52.7%
'The Luncheon on the Grass' painter(Édouard) Manet
51.2%
Type of pastamanicotti
50.2%
Baseball player with the most World Series home runs(Mickey) Mantle
49.9%
Habitual trait or idiosyncrasymannerism
44.4%
Central America's second most populous cityManagua
38.1%
Primate with a colorful facemandrill
34.3%

You're not logged in!

Compare scores with friends on all Sporcle quizzes.
Join for Free
OR
Log In

You Might Also Like...

Show Comments

Extras

Top Quizzes Today


Score Distribution

Your Account Isn't Verified!

In order to create a playlist on Sporcle, you need to verify the email address you used during registration. Go to your Sporcle Settings to finish the process.

Report this User

Report this user for behavior that violates our Community Guidelines.

Details: